[Event "Ruhrgebiet Verbandsklasse Gruppe 3 1718"]
[Site "Germany"]
[Date "2018.03.18"]
[Round "8.8"]
[White "Kudsin, Alexander"]
[Black "Wiktor, Reinhard"]
[Result "1/2-1/2"]
[WhiteElo "1812"]
[BlackElo "1702"]
[PlyCount "114"]
[EventDate "2017.09.17"]
[EventType "team-tourn"]
[EventRounds "9"]
[EventCountry "GER"]
[SourceTitle "EXT 2022"]
[Source "ChessBase"]
[SourceDate "2021.10.06"]
[SourceVersion "1"]
[SourceVersionDate "2021.10.06"]
[SourceQuality "1"]
[WhiteTeam "Hervest Dorsten"]
[BlackTeam "Mengede SG"]
[WhiteTeamCountry "GER"]
[BlackTeamCountry "GER"]

1. d4 Nf6 2. c4 g6 3. Nc3 Bg7 4. Nf3 d6 5. g3 0-0 6. Bg2 c6 7. 0-0 Bf5 8. Re1 Ne4 9. Nh4 Nxc3 10. bxc3 Bd7 11. Rb1 Qc7 12. Qb3 Bc8 13. e4 Nd7 14. Bh3 Rb8 15. Kg2 Qa5 16. f4 c5 17. Bxd7 Bxd7 18. e5 cxd4 19. Qb4 Qxb4 20. cxb4 Rfc8 21. c5 dxc5 22. bxc5 Rxc5 23. Kf2 Bg4 24. Nf3 d3 25. Nd2 Bf8 26. Ke3 Rc2 27. a4 Be2 28. Ba3 b6 29. Ra1 Rd8 30. Reb1 Bg4 31. Bb4 Bf5 32. a5 b5 33. a6 Rd5 34. Rb3 h5 35. Rab1 Kg7 36. Rc3 Ra2 37. Bc5 Rxa6 38. Rxb5 Rd8 39. Rb7 Re6 40. Bxa7 f6 41. Bd4 Kf7 42. Rc4 Bh6 43. Rb5 Bg7 44. Bc3 fxe5 45. Bxe5 Bxe5 46. fxe5 Ra8 47. Nf3 Rea6 48. Rb2 Ke8 49. Nd4 Bh3 50. Rcb4 Ra3 51. e6 Rd8 52. Rb8 Ra8 53. Rxa8 Rxa8 54. Kxd3 Rd8 55. Ke4 Kf8 56. Rf2+ Kg8 57. Rb2 Kg7 1/2-1/2

[Event "Ruhrgebiet Verbandsklasse Gruppe 3 1718"]
[Site "Germany"]
[Date "2018.01.14"]
[Round "5.7"]
[White "Kracht, Raphael"]
[Black "Kudsin, Alexander"]
[Result "1/2-1/2"]
[WhiteElo "1913"]
[BlackElo "1812"]
[PlyCount "103"]
[EventDate "2017.09.17"]
[EventType "team-tourn"]
[EventRounds "9"]
[EventCountry "GER"]
[SourceTitle "EXT 2022"]
[Source "ChessBase"]
[SourceDate "2021.10.06"]
[SourceVersion "1"]
[SourceVersionDate "2021.10.06"]
[SourceQuality "1"]
[WhiteTeam "Brackel SF III"]
[BlackTeam "Hervest Dorsten"]
[WhiteTeamCountry "GER"]
[BlackTeamCountry "GER"]

1. e4 e6 2. d4 b6 3. Bd3 Bb7 4. Nf3 Nf6 5. Qe2 c5 6. c3 d6 7. 0-0 Be7 8. Rd1 Qc7 9. Bf4 Nbd7 10. Nbd2 0-0 11. e5 Nh5 12. Bg5 Rae8 13. Bxe7 Rxe7 14. Ng5 g6 15. exd6 Qxd6 16. g3 cxd4 17. Nc4 Qd5 18. Ne4 f5 19. f3 Ba8 20. Ned2 dxc3 21. bxc3 Qc5+ 22. Kf1 Qc7 23. Na3 Qxc3 24. Ndc4 Qf6 25. Nb5 Nc5 26. Ne5 Bd5 27. Bc4 Bxc4 28. Nxc4 Ng7 29. Ne5 Ne8 30. Nc6 Rd7 31. Rxd7 Nxd7 32. Rd1 Rf7 33. Nbxa7 Nc7 34. Nc8 e5 35. Nd6 Rg7 36. Qc4+ Qe6 37. Ne7+ Rxe7 38. Qxc7 e4 39. Qd8+ Kg7 40. Ne8+ Kh6 41. Qc7 Ne5 42. Qc1+ Kh5 43. Rd6 Qc4+ 44. Qxc4 Nxc4 45. Nf6+ Kh6 46. Rc6 Kg7 47. Nd5 Re5 48. Rxc4 Rxd5 49. fxe4 Rd2 50. exf5 Rxh2 51. fxg6 hxg6 52. Rb4 1/2-1/2

[Event "Ruhrgebiet Verbandsklasse Gruppe 1 1617"]
[Site "Germany"]
[Date "2017.02.19"]
[Round "7.7"]
[White "Kudsin, Alexander"]
[Black "Klein, Hans Joachim"]
[Result "1-0"]
[WhiteElo "1780"]
[BlackElo "1694"]
[PlyCount "113"]
[EventDate "2016.09.04"]
[EventType "team-tourn"]
[EventRounds "9"]
[EventCountry "GER"]
[SourceTitle "EXT 2022"]
[Source "ChessBase"]
[SourceDate "2021.10.06"]
[SourceVersion "1"]
[SourceVersionDate "2021.10.06"]
[SourceQuality "1"]
[WhiteTeam "Hervest Dorsten"]
[BlackTeam "Huckarde Westerfilde"]
[WhiteTeamCountry "GER"]
[BlackTeamCountry "GER"]

1. c4 Nf6 2. Nf3 d5 3. cxd5 Bf5 4. Nc3 Nxd5 5. g3 Nc6 6. Bg2 e6 7. 0-0 Be7 8. d3 Nf6 9. a3 0-0 10. b4 a6 11. Bb2 h6 12. Rc1 Nh7 13. Na4 Rb8 14. Qb3 Bf6 15. Nc5 Ne7 16. d4 Bg4 17. e4 Ng6 18. h3 Bxf3 19. Bxf3 e5 20. dxe5 Nxe5 21. Bxe5 Bxe5 22. Rcd1 Bd4 23. Qc4 Qf6 24. Rxd4 Qxf3 25. Rd3 Qe2 26. Nd7 Rbd8 27. Qc3 Rfe8 28. Re1 Qh5 29. Qxc7 Rc8 30. Qxb7 Qxh3 31. Nc5 Ng5 32. Qd7 Qh5 33. Qf5 g6 34. Qf6 Qg4 35. Ree3 Nxe4 36. Nxe4 Rxe4 37. Qf3 Rc1+ 38. Kg2 Qxf3+ 39. Rxf3 Rec4 40. Rd7 f5 41. Re3 Re4 42. Rxe4 fxe4 43. Rd6 Kf7 44. Rxa6 Rc2 45. Kf1 h5 46. a4 g5 47. b5 h4 48. gxh4 gxh4 49. a5 Kg7 50. Rc6 Rb2 51. b6 h3 52. Kg1 h2+ 53. Kxh2 Rxf2+ 54. Kg3 e3 55. a6 Ra2 56. b7 e2 57. Kf2 1-0

[Event "Ruhrgebiet Verbandsklasse Gruppe 1 1617"]
[Site "Germany"]
[Date "2016.11.27"]
[Round "4.7"]
[White "Hoffmann, Ben"]
[Black "Kudsin, Alexander"]
[Result "1/2-1/2"]
[WhiteElo "1716"]
[BlackElo "1780"]
[PlyCount "91"]
[EventDate "2016.09.04"]
[EventType "team-tourn"]
[EventRounds "9"]
[EventCountry "GER"]
[SourceTitle "EXT 2022"]
[Source "ChessBase"]
[SourceDate "2021.10.06"]
[SourceVersion "1"]
[SourceVersionDate "2021.10.06"]
[SourceQuality "1"]
[WhiteTeam "Oberhausen SV III"]
[BlackTeam "Hervest Dorsten"]
[WhiteTeamCountry "GER"]
[BlackTeamCountry "GER"]

1. e4 c5 2. f4 Qc7 3. d3 Nc6 4. Nf3 d6 5. Nc3 e6 6. Be2 Nd4 7. 0-0 Nxe2+ 8. Qxe2 Bd7 9. b3 Ne7 10. Kh1 a6 11. Qe1 f6 12. Bb2 Ng6 13. Qg3 0-0-0 14. a4 b6 15. Ne2 d5 16. e5 Be7 17. d4 c4 18. Bc3 Kb7 19. a5 b5 20. b4 Rdg8 21. Bd2 Bd8 22. c3 Bc8 23. Neg1 Qf7 24. Qe1 Ne7 25. Nh3 Bd7 26. Rf2 Nf5 27. Kg1 Qh5 28. Qe2 Kc7 29. Kf1 h6 30. Nfg1 Qxe2+ 31. Kxe2 g5 32. fxg5 fxe5 33. dxe5 hxg5 34. g4 Nh6 35. Rg2 Rh7 36. Rf1 Rf7 37. Rxf7 Nxf7 38. Nf3 Be7 39. Be3 Kd8 40. Rf2 Ke8 41. Kf1 Bd8 42. Kg2 Bc7 43. Bd4 Rg6 44. Kg3 Rg7 45. Kg2 Rg8 46. Kg3 1/2-1/2

[Event "Ruhrgebiet Verbandsklasse Gruppe 1 1617"]
[Site "Germany"]
[Date "2016.09.25"]
[Round "2.8"]
[White "Kudsin, Alexander"]
[Black "Fuchs, Klaus Dieter"]
[Result "1-0"]
[WhiteElo "1784"]
[BlackElo "1483"]
[PlyCount "87"]
[EventDate "2016.09.04"]
[EventType "team-tourn"]
[EventRounds "9"]
[EventCountry "GER"]
[SourceTitle "EXT 2022"]
[Source "ChessBase"]
[SourceDate "2021.10.06"]
[SourceVersion "1"]
[SourceVersionDate "2021.10.06"]
[SourceQuality "1"]
[WhiteTeam "Hervest Dorsten"]
[BlackTeam "Recklinghausen Altstadt"]
[WhiteTeamCountry "GER"]
[BlackTeamCountry "GER"]

1. Nf3 Nc6 2. c4 e5 3. Nc3 Nf6 4. e4 d6 5. d3 Be7 6. Be2 Bg4 7. Nd2 Bxe2 8. Nxe2 0-0 9. 0-0 Nd7 10. Nb3 f5 11. exf5 Rxf5 12. Ng3 Rf8 13. Ne4 Nf6 14. Ng3 a5 15. Be3 a4 16. Nd2 Nb4 17. Nf3 c5 18. Bg5 Nd7 19. h4 h6 20. Bxe7 Qxe7 21. Qe2 Nc6 22. Rfe1 Nf6 23. Rad1 Qd7 24. Rd2 Qg4 25. Qd1 b5 26. cxb5 Nd4 27. Nxd4 cxd4 28. Qxg4 Nxg4 29. Rc1 Rac8 30. Rc6 Rxc6 31. bxc6 d5 32. c7 g6 33. Rc2 Rc8 34. Rc6 Kg7 35. h5 Nf6 36. hxg6 Kxg6 37. Kf1 Kg5 38. Ne2 Ne8 39. f4+ exf4 40. Nxd4 Nf6 41. b4 axb3 42. axb3 Kg6 43. b4 Kf7 44. b5 1-0

[Event "Ruhrgebiet Verbandsklasse Gruppe 1 1617"]
[Site "Germany"]
[Date "2016.09.04"]
[Round "1.6"]
[White "Prang, Andreas"]
[Black "Kudsin, Alexander"]
[Result "1/2-1/2"]
[WhiteElo "1777"]
[BlackElo "1784"]
[PlyCount "64"]
[EventDate "2016.09.04"]
[EventType "team-tourn"]
[EventRounds "9"]
[EventCountry "GER"]
[SourceTitle "EXT 2022"]
[Source "ChessBase"]
[SourceDate "2021.10.06"]
[SourceVersion "1"]
[SourceVersionDate "2021.10.06"]
[SourceQuality "1"]
[WhiteTeam "Wanne-Eickel SV Unser Fritz"]
[BlackTeam "Hervest Dorsten"]
[WhiteTeamCountry "GER"]
[BlackTeamCountry "GER"]

1. d4 Nf6 2. Nf3 e6 3. Bf4 c5 4. c3 d5 5. e3 a6 6. Nbd2 cxd4 7. exd4 Nc6 8. Bd3 Bd6 9. Bg3 0-0 10. Ne5 Qc7 11. f4 g6 12. Bh4 Nh5 13. g3 Be7 14. Bxe7 Qxe7 15. 0-0 Nxe5 16. fxe5 Bd7 17. Qe2 f5 18. exf6 Rxf6 19. Nf3 Raf8 20. Ne5 Be8 21. Rae1 Rxf1+ 22. Rxf1 Rxf1+ 23. Kxf1 Qf6+ 24. Qf2 Kg7 25. Qxf6+ Nxf6 26. Ke2 g5 27. g4 h6 28. Ke3 Nd7 29. Bc2 Kf6 30. Nxd7+ Bxd7 31. Bd3 e5 32. dxe5+ Kxe5 1/2-1/2

[Event "Ruhrgebiet Verbandsklasse Gruppe 3 1516"]
[Site "Germany"]
[Date "2016.04.24"]
[Round "9.6"]
[White "Ewers, Christian"]
[Black "Kudsin, Alexander"]
[Result "1/2-1/2"]
[WhiteElo "1697"]
[BlackElo "1784"]
[PlyCount "84"]
[EventDate "2015.09.06"]
[EventType "team-tourn"]
[EventRounds "9"]
[EventCountry "GER"]
[SourceTitle "EXT 2022"]
[Source "ChessBase"]
[SourceDate "2021.10.06"]
[SourceVersion "1"]
[SourceVersionDate "2021.10.06"]
[SourceQuality "1"]
[WhiteTeam "Mengede SG"]
[BlackTeam "Hervest Dorsten"]
[WhiteTeamCountry "GER"]
[BlackTeamCountry "GER"]

1. e4 d6 2. d4 g6 3. c4 Bg7 4. Nc3 Nc6 5. Be3 e5 6. d5 Nce7 7. g4 h5 8. g5 f5 9. gxf6 Nxf6 10. f3 Bd7 11. Qd2 0-0 12. h4 a6 13. Bh6 Qe8 14. Bxg7 Kxg7 15. Bh3 b5 16. b3 Qb8 17. Nge2 Qb6 18. Qg5 Bxh3 19. Rxh3 Rf7 20. Qg1 Qxg1+ 21. Nxg1 bxc4 22. bxc4 Rb8 23. 0-0-0 Nd7 24. Na4 Rb4 25. Nb2 Nb6 26. c5 dxc5 27. Nd3 Rc4+ 28. Kd2 Kf6 29. Ne2 Nd7 30. Rb1 Nc8 31. Rb7 Ndb6 32. Rg3 Nd6 33. Rb8 Re7 34. Rg8 Rg7 35. Rxg7 Kxg7 36. Nxe5 Ra4 37. Nc3 Rd4+ 38. Kc2 Kh7 39. Nxg6 Nbc4 40. Nf8+ Kh8 41. Ne6 Rd2+ 42. Kc1 Rh2 1/2-1/2

[Event "Ruhrgebiet Verbandsklasse Gruppe 1 1415"]
[Site "Germany"]
[Date "2015.02.08"]
[Round "6"]
[White "Kudsin, Alexander"]
[Black "Langaditis, Sevastianos"]
[Result "1-0"]
[WhiteElo "1812"]
[BlackElo "1764"]
[PlyCount "87"]
[EventDate "2014.09.21"]
[EventType "team-tourn"]
[EventRounds "9"]
[EventCountry "GER"]
[SourceTitle "EXT 2022"]
[Source "ChessBase"]
[SourceDate "2021.10.06"]
[SourceVersion "1"]
[SourceVersionDate "2021.10.06"]
[SourceQuality "1"]
[WhiteTeam "Hervest Dorsten"]
[BlackTeam "Unna SV"]
[WhiteTeamCountry "GER"]
[BlackTeamCountry "GER"]

1. Nf3 d6 2. d4 g6 3. g3 Bg7 4. Bg2 c6 5. 0-0 Nh6 6. e4 f6 7. c3 Nf7 8. Qb3 Na6 9. Re1 Nc7 10. a4 a5 11. Na3 e5 12. Be3 Qe7 13. d5 0-0 14. Rad1 Kh8 15. Nc4 cxd5 16. exd5 e4 17. Bb6 f5 18. Bxa5 Nxd5 19. Rxd5 Be6 20. Qb5 Bxd5 21. Qxd5 Qd7 22. Nd4 Rae8 23. Nb5 Re6 24. f4 Rfe8 25. Nc7 R6e7 26. Ne6 Rxe6 27. Bb4 Bf8 28. Bf1 Rb8 29. Nb6 Qc7 30. a5 Ree8 31. Rd1 Kg7 32. Bc4 Qe7 33. Kf2 h5 34. Qxf7+ Qxf7 35. Bxf7 Kxf7 36. Nd5 Red8 37. Ke3 Ke6 38. Kd4 Rd7 39. Kc4 Rc8+ 40. Kb5 Rc6 41. a6 e3 42. axb7 e2 43. Re1 Kxd5 44. b8Q 1-0

[Event "Ruhrgebiet Verbandsklasse Gruppe 1 1415"]
[Site "Germany"]
[Date "2014.12.14"]
[Round "4"]
[White "Kudsin, Alexander"]
[Black "Straenger, Petra"]
[Result "1-0"]
[WhiteElo "1822"]
[BlackElo "1841"]
[PlyCount "85"]
[EventDate "2014.09.21"]
[EventType "team-tourn"]
[EventRounds "9"]
[EventCountry "GER"]
[SourceTitle "EXT 2022"]
[Source "ChessBase"]
[SourceDate "2021.10.06"]
[SourceVersion "1"]
[SourceVersionDate "2021.10.06"]
[SourceQuality "1"]
[WhiteTeam "Hervest Dorsten"]
[BlackTeam "Muelheim SC"]
[WhiteTeamCountry "GER"]
[BlackTeamCountry "GER"]

1. c4 c6 2. Nc3 Nf6 3. g3 d5 4. cxd5 cxd5 5. Bg2 Nc6 6. d4 g6 7. Nf3 Bg7 8. Bg5 0-0 9. Qd2 Qb6 10. Bxf6 exf6 11. Nxd5 Qd8 12. Nc3 Bf5 13. 0-0 Re8 14. a3 Na5 15. Rae1 Nc4 16. Qc1 g5 17. e3 Bd3 18. Ne2 Rc8 19. Qd1 Nxb2 20. Qb3 Rc2 21. Nc1 Be4 22. Re2 Qc7 23. Ne1 Rxc1 24. Bxe4 Rxe4 25. Rxb2 Re7 26. Rc2 Rxc2 27. Nxc2 Re6 28. Nb4 Rb6 29. Qa4 Qb8 30. Rc1 Rd6 31. Rc3 Bf8 32. Qc2 Qe8 33. Rc7 a5 34. Rc8 Rd8 35. Nd5 Be7 36. Qc7 Kg7 37. Nxe7 Rxc8 38. Nxc8 Qb5 39. Qxf7+ Kh6 40. Qxf6+ Kh5 41. Nd6 Qb1+ 42. Kg2 Qc1 43. g4+ 1-0

[Event "Ruhrgebiet Verbandsklasse Gruppe 1 1415"]
[Site "Germany"]
[Date "2014.11.16"]
[Round "3.6"]
[White "Ball, Joerg"]
[Black "Kudsin, Alexander"]
[Result "1/2-1/2"]
[WhiteElo "1928"]
[BlackElo "1822"]
[PlyCount "83"]
[EventDate "2014.09.21"]
[EventType "team-tourn"]
[EventRounds "9"]
[EventCountry "GER"]
[SourceTitle "EXT 2022"]
[Source "ChessBase"]
[SourceDate "2021.10.06"]
[SourceVersion "1"]
[SourceVersionDate "2021.10.06"]
[SourceQuality "1"]
[WhiteTeam "Essen Listiger Bauer"]
[BlackTeam "Hervest Dorsten"]
[WhiteTeamCountry "GER"]
[BlackTeamCountry "GER"]

1. e4 d6 2. d4 Nf6 3. Nc3 g6 4. f4 Bg7 5. Nf3 Bg4 6. h3 Bxf3 7. Qxf3 c6 8. Be3 a5 9. 0-0-0 Qc7 10. e5 Nfd7 11. g4 d5 12. f5 e6 13. Ne2 Nb6 14. Nf4 Qd7 15. Bd3 Na6 16. c3 Nc7 17. h4 0-0-0 18. h5 Bh6 19. Kb1 gxf5 20. gxf5 exf5 21. Qh3 Bxf4 22. Bxf5 Ne6 23. Bxf4 Kb8 24. Bh6 Qe7 25. Rhg1 Rdg8 26. Rg4 Ka7 27. Rdg1 Rxg4 28. Qxg4 Re8 29. Qf3 Rh8 30. Bxe6 Qxe6 31. Bg7 Rc8 32. Qd3 h6 33. Qf3 Nc4 34. Qf6 Qh3 35. Qxh6 Qd3+ 36. Ka1 Ne3 37. a3 Nc2+ 38. Ka2 Qc4+ 39. Kb1 Qd3 40. Ka2 Qc4+ 41. Kb1 Qd3 42. Ka2 1/2-1/2

[Event "NRW Verbandsklasse Group3 1314"]
[Site "Nordrheinwestfalen"]
[Date "2014.02.16"]
[Round "7"]
[White "Huenemeyer, Dirk"]
[Black "Kudsin, Alexander"]
[Result "1/2-1/2"]
[WhiteElo "1917"]
[BlackElo "1843"]
[PlyCount "70"]
[EventDate "2013.09.08"]
[EventType "team-tourn"]
[EventRounds "9"]
[EventCountry "GER"]
[SourceTitle "EXT 2020"]
[Source "ChessBase"]
[SourceDate "2019.10.17"]
[SourceVersion "1"]
[SourceVersionDate "2019.10.17"]
[SourceQuality "1"]
[WhiteTeam "Weisse Dame Borbeck II"]
[BlackTeam "Hervest Dorsten"]
[WhiteTeamCountry "GER"]
[BlackTeamCountry "GER"]

1. c4 Nf6 2. Nc3 e6 3. e4 Nc6 4. f4 d6 5. g3 e5 6. d3 Bg4 7. Be2 h5 8. h3 Bxe2 9. Ngxe2 Qd7 10. Be3 b6 11. Qd2 Ne7 12. 0-0-0 c5 13. Ng1 Nc6 14. Nf3 Nd4 15. Rdf1 Nxf3 16. Rxf3 Ng8 17. f5 Be7 18. Rg1 0-0-0 19. g4 hxg4 20. hxg4 Nf6 21. g5 Ne8 22. Qg2 Nc7 23. Rh1 Rdg8 24. Rfh3 Qe8 25. Qg4 Kb7 26. Qf3 Bd8 27. Bd2 Kc6 28. Rh7 a6 29. Qd1 Kb7 30. Qb3 Qf8 31. Qa4 Rxh7 32. Rxh7 Qe8 33. Qd1 Qf8 34. Qa4 Qe8 35. Qd1 Qf8 1/2-1/2

[Event "Ruhrgebiet VK1 1112"]
[Site "Nordrheinwestfalen"]
[Date "2011.10.09"]
[Round "2"]
[White "Kudsin, Alexander"]
[Black "Dreier, Daniel"]
[Result "0-1"]
[WhiteElo "1883"]
[BlackElo "1903"]
[PlyCount "128"]
[EventDate "2012.09.18"]
[EventType "team-tourn"]
[EventRounds "9"]
[EventCountry "GER"]
[SourceTitle "EXT 2020"]
[Source "ChessBase"]
[SourceDate "2019.10.17"]
[SourceVersion "1"]
[SourceVersionDate "2019.10.17"]
[SourceQuality "1"]
[WhiteTeam "Hervest Dorsten"]
[BlackTeam "Eichlinghofen SV"]
[WhiteTeamCountry "GER"]
[BlackTeamCountry "GER"]

1. c4 f5 2. Nf3 Nf6 3. Nc3 g6 4. d4 Bg7 5. g3 0-0 6. Bg2 d6 7. 0-0 Nc6 8. e3 Nh5 9. Qe2 Bd7 10. Rd1 Qc8 11. b3 e5 12. Bb2 f4 13. d5 Nb8 14. exf4 exf4 15. Nd4 fxg3 16. fxg3 Bg4 17. Nf3 Nd7 18. Rf1 Ne5 19. Qe3 Qd7 20. Nd4 Rae8 21. Rxf8+ Bxf8 22. Qd2 Ng7 23. Rf1 Be7 24. Ne4 Qd8 25. h3 Bc8 26. g4 Rf8 27. Nf3 Nxf3+ 28. Bxf3 Ne8 29. Qd4 Bf6 30. Nxf6+ Qxf6 31. Qd2 Qf4 32. Qc3 Qg3+ 33. Bg2 Qxc3 34. Bxc3 Rxf1+ 35. Kxf1 Kf7 36. Ke2 Nf6 37. Ke3 g5 38. a4 Nd7 39. Be4 Nf6 40. Bxf6 Kxf6 41. Bxh7 Ke5 42. a5 b6 43. axb6 cxb6 44. Bg8 Bd7 45. b4 Ba4 46. Bh7 Bb3 47. Bd3 a5 48. bxa5 bxa5 49. Kd2 Kd4 50. Bf1 Bxc4 51. Bxc4 Kxc4 52. h4 Kxd5 53. hxg5 Ke6 54. Kc3 Kf7 55. Kc4 Kg6 56. Kb5 Kxg5 57. Kxa5 Kxg4 58. Kb4 Kf4 59. Kc4 Ke4 60. Kc3 d5 61. Kd2 Kd4 62. Kc2 Ke3 63. Kd1 Kd3 64. Kc1 Ke2 0-1

[Event "Ruhrgebiet VK2 0405"]
[Site "Ruhrgebiet"]
[Date "2005.03.13"]
[Round "8.6"]
[White "Kudsin, Alexander"]
[Black "Modlinski, Wolfgang"]
[Result "1/2-1/2"]
[WhiteElo "1866"]
[BlackElo "1819"]
[PlyCount "45"]
[EventDate "2004.09.12"]
[EventType "team"]
[EventRounds "9"]
[EventCountry "GER"]
[SourceTitle "EXT 2006"]
[Source "ChessBase"]
[SourceDate "2005.11.24"]
[SourceVersion "1"]
[SourceVersionDate "2005.11.24"]
[SourceQuality "1"]
[WhiteTeam "Hervest Dorsten"]
[BlackTeam "Ickern"]
[WhiteTeamCountry "GER"]
[BlackTeamCountry "GER"]

1. Nf3 d5 2. d4 c6 3. c4 g6 4. cxd5 cxd5 5. Nc3 Bg7 6. Bg5 Nc6 7. e3 Nf6 8. Qb3 e6 9. Ne5 0-0 10. Nxc6 bxc6 11. Be2 Qb6 12. 0-0 Bd7 13. Qa3 Rfc8 14. Na4 Qd8 15. Ba6 Rcb8 16. Nc5 Bc8 17. Be2 a5 18. b3 h6 19. Bh4 Bf8 20. Qc1 Kg7 21. Bg3 Rb6 22. Na4 Rb4 23. Be5 1/2-1/2

[Event "Ruhrgebiet VK2 0405"]
[Site "Ruhrgebiet"]
[Date "2005.01.30"]
[Round "6.7"]
[White "Schaller, Torsten"]
[Black "Kudsin, Alexander"]
[Result "1/2-1/2"]
[WhiteElo "1952"]
[BlackElo "1866"]
[PlyCount "109"]
[EventDate "2004.09.12"]
[EventType "team"]
[EventRounds "9"]
[EventCountry "GER"]
[SourceTitle "EXT 2006"]
[Source "ChessBase"]
[SourceDate "2005.11.24"]
[SourceVersion "1"]
[SourceVersionDate "2005.11.24"]
[SourceQuality "1"]
[WhiteTeam "Welper SV"]
[BlackTeam "Hervest Dorsten"]
[WhiteTeamCountry "GER"]
[BlackTeamCountry "GER"]

1. e4 g6 2. d4 Bg7 3. c4 c5 4. d5 d6 5. Nc3 Nf6 6. Bd3 Na6 7. Nge2 Nb4 8. Bb1 e5 9. Ng3 Bg4 10. f3 Bd7 11. Bg5 Na6 12. Qd2 h6 13. Be3 Nc7 14. Bd3 a6 15. a4 b6 16. h3 Rb8 17. 0-0 g5 18. Rfb1 a5 19. Nd1 Qe7 20. Bf2 Qf8 21. Ne3 Kd8 22. Nef5 Nce8 23. Be3 Kc7 24. Kf2 Ng8 25. Rh1 Ne7 26. h4 Nxf5 27. exf5 f6 28. b3 Rg8 29. Nh5 Bh8 30. hxg5 fxg5 31. g4 e4 32. fxe4 Bxa1 33. Rxa1 Nf6 34. Nxf6 Qxf6 35. Rh1 Rbe8 36. Kf3 Re7 37. Qh2 Qc3 38. Qc2 Qe5 39. Qh2 Qc3 40. Qc2 Qe5 41. Qh2 Rh7 42. Qxe5 dxe5 43. Be2 Kd6 44. Kf2 Ke7 45. Bd2 Kf6 46. Be3 Be8 47. Bd2 Rgh8 48. Rg1 Rg7 49. Rh1 Bf7 50. Be3 Rgg8 51. Bd2 Rh7 52. Be3 Kg7 53. Bd2 Rgh8 54. Rg1 Kf6 55. Be3 1/2-1/2